|
|
|
|
| LEADER |
00000nam a22000007a 4500 |
| 005 |
20170925222738.0 |
| 007 |
cr|||| |||| |
| 008 |
170925s2016 mx |||||s||||f00||0 spa d |
| 020 |
|
|
|a 978-84-16714-59-9
|
| 035 |
|
|
|a 20613
|
| 040 |
|
|
|a vLex
|
| 090 |
|
|
|c 6999
|d 6999
|
| 100 |
1 |
|
|a Lozano, Jos ̌Mara̕
|
| 245 |
1 |
0 |
|a En la tribuna parlamentaria (1911-1913)
|h [Recurso electrn̤ico] :
|b Seleccin̤ /
|c Jos ̌Mara̕ Lozano
|
| 256 |
|
|
|a Servicio en ln̕ea
|
| 260 |
|
|
|a Ciudad de Mx̌ico:
|b Cm̀ara de Diputados,
|c 2016
|
| 300 |
|
|
|a 1 recurso electrn̤ico
|
| 506 |
1 |
|
|a Disponible solo en los productos indicados
|d vLex Global
|d vLex Global (Academic Edition, excluding Law Schools)
|d vLex Global (U.S. Academic Edition, Law Schools)
|d vLex Global (U.S. Academic Edition, excluding Law Schools)
|d vLex Global (Academic Edition, Law Schools)
|
| 650 |
0 |
4 |
|a Derecho Civil
|z Mx̌ico
|
| 650 |
0 |
4 |
|a Derecho Constitucional
|z Mx̌ico
|
| 740 |
0 |
|
|a vLex Libros (Servicio en ln̕ea)
|
| 856 |
4 |
0 |
|u http://vlex.com/source/la-tribuna-parlamentaria-1911-1913-seleccion-20613
|z Acceso restringido
|
| 942 |
|
|
|c BOOK
|
| 999 |
0 |
|
|a Civil Law
|
| 999 |
0 |
|
|a Constitutional Law
|